Socialism, capitalism and economic growth : essays presented to Maurice Dobb /

Saved in:
Bibliographic Details
Other Authors: Feinstein, C. H., Dobb, Maurice Herbert, 1900-
Format: Book
Language:English
Published: London : Cambridge U.P., 1967.
Subjects:
LEADER 01206cam a22003131a 4500
001 c000281191
003 CARM
005 20080303101857.0
008 720128s1967 enkac b 010 0 eng
010 |a 67104475 
015 |a B67-18408 
019 1 |a 57736571  |z 41401349  |z 28302401  |z 60877679  |z 61317211  |5 LACONCORD2021 
035 |a (OCoLC)230009  |5 LACONCORD2021 
040 |a DLC  |b eng  |c ODaWU  |d OCoLC  |d NcRS  |d Uk  |d DLC 
042 |a premarc 
050 0 0 |a HD82  |b .S583 
082 0 4 |a 338.9 
245 0 0 |a Socialism, capitalism and economic growth :  |b essays presented to Maurice Dobb /  |c edited by C. H. Feinstein. 
260 |a London :  |b Cambridge U.P.,  |c 1967. 
300 |a x, 367 p. :  |b illus., port. ;  |c 24 cm. 
504 |a "A bibliography of the works of Maurice Dobb" (p. 351-360) 
600 1 0 |a Dobb, Maurice Herbert,  |d 1900- 
650 0 |a Economic development. 
650 0 |a Economic policy. 
700 1 |a Feinstein, C. H. 
700 1 |a Dobb, Maurice Herbert,  |d 1900- 
852 8 |b CARM  |h A1:AQ08F0  |i C10697  |p 0498426  |f BK 
999 f f |i 44518dce-cfc0-5cab-81ae-1a570c84e7f6  |s 12f08d2a-1ca0-5be4-8003-3baceab30628 
952 f f |p Can circulate  |a CAVAL  |b CAVAL  |c CAVAL  |d CARM 1 Store  |e C10697  |f A1:AQ08F0  |h Other scheme  |i book  |m 0498426